000 00420nam a2200145Ia 4500
008 231129s2002||||xx |||||||||||||| ||spa||
020 _a958-06-1008-8
040 _bspa
082 _a330.9861 E18c
100 _aEcheverry Garzon Juan Carlos
245 0 _aLas claves del futuro: economia y conflicto en Colombia
260 _c2002
264 _aLa Oveja Negra
942 _2ddc
_cBKS
999 _c18657
_d18657